000 01218nam0a22002531 4500
001 rc\1182493
005 20041129085747.1
035 _a(NLR Aleph) 006424544
090 _a5484072
_c5484072
100 _a20041129d1980 u |0rusy50 ca
101 0 _arus
102 _aRU
105 _aa |||||||||
200 1 _aНадежность в технике. Система сбора и обработки информации. Методы контроля достоверности входной информации
_eМетод. указания
_e1-я ред.
_fГос. ком. СССР по стандартам (Госстандарт), ВНИИ по нормализации в машиностроении (ВНИИНмаш)
_g[Разраб. к. т. н. А.И. Кубарев и др.]
210 _aМ.
_cБ. и.
_d1980
215 _a[2], 38 с.
_cкарт.
_d20
320 _aБиблиогр.: с. 37-38
702 1 _aКубарев
_bА. И.
_gАлександр Иосифович
_4570
712 0 2 _aВНИИ по нормализации в машиностроении
_3RU\NLR\AUTH\889929882
801 0 _aRU
_bNLR
_gpsbo
801 1 _aRU
_bELAR
_2rusmarc
852 _aNLR
_j80-4/26253
942 _cBOOK
980 _aNB